02011cas a2200445 450000100090000000300060000900500170001500700030003200800410003501000170007601600180009302200170011103500240012803700790015204001340023104200140036505000170037908200130039621000150040922200400042424500160046426000630048030000210054331000140056436200130057844000410059150000310063250000990066350003860076253000300114861000500117865000270122865000320125565000290128770000310131671000360134777600600138377600500144378000720149311171742AUA.120130507161331.0t|731115c19739999kyuqr p 0 a0eng  a 73644873 7 a0117649692Uk a0091-829621 a(OCoLC)ocm01787681  bLorraine Pellon, Business Manager, P.O. Box 1041, New Canaan, Conn., 06840 aDLCbengcDLCdOCoLCdNSDPdNSTdAIPdNSDPdNSTdMHdOCoLCdDLCdOCoLCdATLAdOCoLCdCaQQLdZP2dOCoLCdUKMGBdUkLSOAdOCoLCdDLC apccansdp00aBV2000b.M5504a266/.0070 aMissiology 0aMissiology: An international review00aMissiology. a[Wilmore, Ky, etc.,bAmerican Society of Missiology]c2008 av.bill.c23 cm. aQuarterly0 aJul 2008 aMissiology.vVol.36, No.3x0091-8296 a"An international review." aVols. for published for the American Society of Missiology by Sage Publications. aArticles: Palestinian protestant theological responses to a world marked by violence; Globalization and missions; What have the past twenty-five years of member care research taught us? Defilement and cleansing; Missiology and orthography: the unique contribution of Christian missionaries in devising new scripts; Telephones, bible studies, and education in the African church;  aAlso issued in online ed.24aAmerican Society of Missiology.vPeriodicals. 0aMissionsvPeriodicals. 6aMissiologievPériodiques. 6aMissionsvPériodiques. aJ. Nelson JenningseEditor2 aAmerican Society of Missiology.1 tMissiology (Online)w(DLC) 2004221990w(OCoLC)5734693608iOnline version:tMissiologyw(OCoLC)75993361302tPractical anthropologyx0032-633Xw(DLC) 63038045w(OCoLC)1762756